000 00808nam a2200229Ia 4500
003 OSt
005 20260526123145.0
008 210210b1994 xxu||||| |||| 00| 0 eng d
020 _a81 237 1153 0
040 _cAL
041 _aKannada
082 _a920K GANV
100 _a-
_9264595
245 _aGandhiji virachitha vyakthichithragalu mattu shradhdhanjaligalu.
_bಗಾಂಧೀಜಿ ವಿರಚಿತ ವ್ಯಕ್ತಿಚಿತ್ರಗಳು ಮತ್ತು ಶ್ರದ್ಧಾಂಜಲಿಗಳು
260 _aNew Delhi.
_bNot Mentioned
_c1994
300 _avii,168
650 _aPen Potraits and Tributes by Gandhiji
_9264596
690 _aBiography
_9264597
700 _a U.S. Mohan Rao
_dಯು ಎಸ್ ಮೋಹನ ರಾವ್ tr
_9264598
906 _a050853
942 _2ddc
_cBK
999 _c99585
_d99585